| 000 | 01046nam a22002537a 4500 | ||
|---|---|---|---|
| 999 |
_c65306 _d65306 |
||
| 005 | 20240530110817.0 | ||
| 008 | 190704s2019 ua g b 00| 0 ara d | ||
| 017 |
_a8444 _bمصر. دار الكتب |
||
| 020 | _a9789777332170 | ||
| 040 |
_aEG-CaGPL _cEG-CaGPL |
||
| 082 | 0 | 4 |
_221 _a953.071 / _bف ن |
| 100 | 0 | _aفهمى عبدالغنى المصرى | |
| 245 | 1 | 0 |
_aالنورمان فى الاندلس خلال العصر الاسلامى : _b( 229- 485 هـ / 844 - 1091 م ) / _cفهمى عبدالغنى المصرى |
| 260 |
_aالاسكندرية : _bدار التعليم الجامعى، _c2019. |
||
| 300 |
_a244 ص. ؛ _c24 سم + _eملاحق. |
||
| 504 | _aيشتمل على ارجاعات ببليوجرافية | ||
| 650 | _2qrmak | ||
| 651 | 0 | 7 |
_2qrmak _aالاندلس |
| 651 | 0 | 7 |
_2qrmak _aفتح الاندلس |
| 651 | 0 | 7 |
_2qrmak _aالاندلس _xتاريخ _xملوك الطوائف |
| 651 | 0 | 7 |
_2qrmak _aالاندلس _xتاريخ _xالنورمان |
| 942 |
_2ddc _cBK |
||